Menzel's realism : art and embodiment in nineteenth-century Berlin

Αποθηκεύτηκε σε:
Λεπτομέρειες βιβλιογραφικής εγγραφής
Κύριος συγγραφέας: Fried, Michael
Μορφή: Βιβλίο
Γλώσσα:English
Δημοσίευση: New Haven : Yale University Press, c2002
Θέματα:
Ετικέτες: Προσθήκη ετικέτας
Δεν υπάρχουν, Καταχωρήστε ετικέτα πρώτοι!

MARC

LEADER 00000nam a2200000 i 4500
001 1/75997
008 080226s2002 eng d
020 |a 0-300-09219-9 
035 |l 10095063 
040 |a GR-MY-UA  |b gre  |e aacr 
041 0 |a eng 
082 0 |a 700.92  |2 (22) 
100 1 |a Fried, Michael. 
245 1 0 |a Menzel's realism :  |b art and embodiment in nineteenth-century Berlin /  |c Michael Fried 
260 |a New Haven :   |b Yale University Press,   |c c2002 
300 |a x, 313 σ.;  |b εικ. (μερικές έγχρ.);  |c 29 εκ. 
504 |a Βιβλιογραφία: 266-299. Ευρετήριο 
600 1 0 |a Menzel Adolph  |d 1815-1905  |x Criticism and interpretation. 
650 0 0 |a Realism in art  |z Germany. 
650 0 0 |a Art, German  |z Germany  |z Berlin  |y 19th century. 
852 |a INST  |b SYROS  |e 20080226  |h 700.92 MEN  |p 005500007021  |q 005500007021  |t BK  |y 0 
901 |a BIBL5-2008-1 
909 |a Ε  |b 133182 
922 |a 5ΕΛΗ  |b 200709  |c ΒΙΒΛΙΟΘΗΚΗ ΣΥΡΟΥ  |d GLORYBOOK 
970 |a ΚΑΓΙΑΒΑ  |b ΕΙΡΗΝΗ  |z 2008/02/26